Mazameen e Quran/ (Record no. 102938)
[ view plain ]
| 000 -LEADER | |
|---|---|
| fixed length control field | 00398nam a22001457a 4500 |
| 005 - DATE AND TIME OF LATEST TRANSACTION | |
| control field | 20180209115443.0 |
| 008 - FIXED-LENGTH DATA ELEMENTS--GENERAL INFORMATION | |
| fixed length control field | 180209b xxu||||| |||| 00| 0 eng d |
| 040 ## - CATALOGING SOURCE | |
| Transcribing agency | PK-LaUMT |
| 082 ## - DEWEY DECIMAL CLASSIFICATION NUMBER | |
| Classification number | PKAC 297.74 |
| Item number | MIR-M |
| 100 ## - MAIN ENTRY--PERSONAL NAME | |
| Personal name | Mir Muhammad Hussain |
| 245 ## - TITLE STATEMENT | |
| Title | Mazameen e Quran/ |
| Statement of responsibility, etc | Mir Muhammad Hussain |
| 260 ## - PUBLICATION, DISTRIBUTION, ETC. (IMPRINT) | |
| Place of publication, distribution, etc | لاہور: |
| Name of publisher, distributor, etc | اسلامک پبلیکیشزن |
| Date of publication, distribution, etc | 1983 |
| 300 ## - PHYSICAL DESCRIPTION | |
| Extent | 768 |
| 942 ## - ADDED ENTRY ELEMENTS (KOHA) | |
| Koha item type | Books |
| Withdrawn status | Lost status | Damaged status | Home library | Current library | Date acquired | Full call number | Barcode | Date last seen | Price effective from | Koha item type |
|---|---|---|---|---|---|---|---|---|---|---|
| UMT Main Campus | UMT Main Campus | 2018-02-09 | PKAC 297.74 MIR-M | 119030 | 2018-02-09 | 2018-02-09 | Books |
